| 000 | 00674nam a22002291a 4500 | ||
|---|---|---|---|
| 001 | 34170 | ||
| 003 | BD-RjUL | ||
| 005 | 20211209052122.0 | ||
| 008 | 140514s1954 enk 000 0 eng d | ||
| 035 | _a(BD-RjUL)34264 | ||
| 040 |
_aANL _beng _cANL _dABN-SNR _dThe changing shape of things _dBD-RjUL |
||
| 041 | _aeng | ||
| 082 | 0 | 0 |
_222 _a729 _bREC 1954 |
| 100 | 1 |
_aRedmayne, Paul. _944613 |
|
| 245 | 1 | 4 |
_aThe changing shape of things / _cillus. by Francis McNally. |
| 260 |
_aLondon : _bMurray, _c1954. |
||
| 300 |
_billus. ; _a48 p. : _c27 cm. |
||
| 650 | 0 |
_aDesign. _9103870 |
|
| 650 | 0 |
_aArt and industry. _9103871 |
|
| 650 | 0 |
_aIndustrial arts. _9103872 |
|
| 942 |
_2ddc _cBK |
||
| 999 |
_c34170 _d34170 |
||